Los elementos del periodismo todo lo que los periodistas deben saber y los ciudadanos esperar (Registro nro. 164934)

Detalles MARC
000 -ENCABEZADO
Número de control [NR] 01048nam a22002657a 4500
005 - FECHA Y HORA DE LA ÚLTIMA TRANSACCIÓN
control field 20141119131436.0
008 - DE LONGITUD FIJA DE DATOS DE ELEMENTOS - INFORMACIÓN GENERAL
Elementos de longitud fija [NR] 130821s2012 sp gr spa
020 ## - NUMERO INTERNACIONAL NORMALIZADO PARA LIBROS [R]
Número Internacional Normalizado del libro [NR] 9788403012394
040 ## - FUENTE DE CATALOGACION [NR]
Quien Cataloga Jose A. Gerena (modificó)
Quien Clasifica Aldemar Mondragón (modificó)
Agencia de catalogación original [NR] CO-BoUCM
Idioma de catalogación [NR] spa
041 00 - CODIGO DE IDIOMA [R]
Código de idioma para texto/pista de sonido o título separado [R] Español
100 1# - ASIENTO PRINCIPAL--NOMBRE PERSONAL [NR]
Nombre personal [NR] Kovach, Bill
ID Autoridad 29374
245 14 - MENCION DE TITULO [NR]
Título [NR] Los elementos del periodismo todo lo que los periodistas deben saber y los ciudadanos esperar
Mención de responsabilidad, etc. [NR] Bill Kovach y Tom Rosenstiel ; traducción Amado Diéguez Rodríguez
260 ## - PUBLICACION, DISTRIBUCION, ETC. (PIE DE IMPRENTA) [R]
Lugar de publicación, distribución, etc. [R] Madrid (España)
Nombre del editor, distribuidor, etc. [R] Aguilar
Fecha de publicación, distribución, etc. [R] 2012
300 ## - DESCRIPCION FISICA [R]
Extensión [R] 284 páginas
504 ## - NOTA DE BIBLIOGRAFIA, ETC. [R]
Nota de bibliografía, etc. [NR] Incluye referencias bibliográficas e índices
650 #7 - ASIENTO SECUNDARIO DE MATERIA - TERMINO TEMATICO [R]
Término temático o nombre geográfico como elemento de entrada [NR] Ética periodística
9 (RLIN) 15255
650 #7 - ASIENTO SECUNDARIO DE MATERIA - TERMINO TEMATICO [R]
Término temático o nombre geográfico como elemento de entrada [NR] Filosofía del periodismo
9 (RLIN) 15798
650 #7 - ASIENTO SECUNDARIO DE MATERIA - TERMINO TEMATICO [R]
Término temático o nombre geográfico como elemento de entrada [NR] Periodismo como profesión
9 (RLIN) 21343
690 ## - ASUNTO AGREGADO LOCAL DE ENTRADA - TÉRMINO TEMÁTICO (OCLC, RLIN)
Acceso temático local Periodismo
700 1# - ASIENTO SECUNDARIO - NOMBRE PERSONAL [R]
Nombre personal [NR] Diéguez Rodríguez, Amado
9 (RLIN) 29375
Término de relación [R] traductor
700 1# - ASIENTO SECUNDARIO - NOMBRE PERSONAL [R]
Nombre personal [NR] Rosenstiel, Tom
9 (RLIN) 29376
765 1# - ASIENTO DE IDIOMA ORIGINAL [R]
Título [NR] The elements of journalism
942 ## - ELEMENTOS DE ENTRADA AGREGADOS (KOHA)
Tipo de ítem principal el descrito en 300a Libro
Tema principal Comunicación
Edición 1
Parte restante de la signatura top. K883agu
Sistema de clasificación DEWEY
Clasificación 070.4
Existencias
Fecha de último préstamo Total préstamos Total Renewals Signatura topográfica Código de barras Última vez visto Ejemplar Price effective from Tipo de ítem Perdido Sistema de clasificación Dañado No prestable Tipo de ítem específico Suprimido Ubicación habitual Ubicación actual Localización Fecha de creación Forma de adquisición Costo
19/01/2026 15 13 070.4 K883agu 100131185 23/04/2026 Ej.1 19/02/2013 Libro   DEWEY     Libro   Claustro Claustro 2do piso 22/01/2013 Compra 65634.00
13/03/2025 16 5 070.4 K883agu 100130612 05/12/2025 Ej.2 08/03/2013 Libro   DEWEY     Libro   Claustro Claustro 2do piso 05/03/2013 Compra 40000.00